| 000 | 01244nam a22002657a 4500 | ||
|---|---|---|---|
| 005 | 20100602101919.0 | ||
| 008 | 100602t xxu||||| |||| 00| 0 hin d | ||
| 010 | _aHIN-89448 | ||
| 020 |
_c125.00 _a9789350002223 |
||
| 035 | _aHN-61794 | ||
| 037 | _bDBAD / PUB | ||
| 040 |
_aDPL _bHN |
||
| 082 | _a822 | ||
| 100 |
_aपवार, जयंत _917990 |
||
| 245 |
_aअभी रात बाकी है...: _cजयंत पवार; कैलाश सेंगर द्वारा अनुदित _b(मराठी नाटक अधांतर का हिंदी अनुवाद) / |
||
| 246 |
_aabhi raat baki hai _bby Jayant Pawar; Tran by Kailash Sengar |
||
| 260 |
_aनई दिल्ली _bवाणी प्रकाशन _c2010 |
||
| 270 |
_a4695, 21-ए, दरियागंज _bनई दिल्ली _e110002 |
||
| 300 |
_a68पृ _c22सेमी (सजिल्द) |
||
| 650 | _aहिन्दी नाटक | ||
| 650 | _aHindi darama | ||
| 700 |
_aसेंगर, कैलाश _917991 |
||
| 942 |
_2ddc _cHN _mपवार _h822 |
||
| 999 |
_c36461 _d36461 |
||